Countries Starting with M and their Capitals - Statistics

General Stats
  • This quiz has been taken 92 times
  • The average score is 25 of 36
Answer Stats
Country % Correct
Mexico
93%
Mexico City
87%
Mauritania
86%
Mauritius
85%
Monaco
83%
Monaco
83%
Maldives
82%
Mali
82%
Madagascar
80%
Montenegro
80%
Malawi
79%
Malaysia
77%
Moldova
77%
Mozambique
77%
Malta
76%
Morocco
76%
Myanmar
76%
Marshall Islands
73%
Malé
70%
Antananarivo
68%
Rabat
68%
Podgorica
65%
Valletta
65%
Chişinău
63%
Kuala Lumpur
63%
Maputo
63%
Mongolia
63%
Bamako
62%
Skopje
61%
Lilongwe
58%
Ulaanbaatar
58%
Nouakchott
56%
Port Louis
56%
Naypyidaw
55%
Majuro
54%
Palikir
48%
No matching quizzes found
Score Distribution
Percent of People with Each Score
Percentile by Number Answered
Your Score History
You have not taken this quiz